[Event "XI C.to Europeo a squadre seniores"]
[Site "Velden AUT"]
[Date "2009.04.08"]
[Round "4.1"]
[White "Villing, Dieter"]
[Black "Tatai, Stefano"]
[Result "0-1"]
[WhiteElo "2179"]
[BlackElo "2351"]
[PlyCount "90"]
[EventDate "2009.04.05"]

1. e4 c5 2. Nf3 Nc6 3. Bb5 e6 4. Bxc6 bxc6 5. d3 Ne7 6. c4 Ng6 7. h4 h5 8. Nc3
Be7 9. g3 e5 10. Qa4 Qc7 11. Be3 Nf8 12. O-O-O Rb8 13. a3 f6 14. Ne1 Ne6 15.
Ng2 Qb7 16. Rd2 Nd4 17. Bxd4 cxd4 18. Na2 a5 19. Kd1 O-O 20. Nc1 d5 21. f3 Bd7
22. Ke2 f5 23. exf5 Rxf5 24. Ne1 c5 25. Qc2 Bc6 26. Rf1 dxc4 27. Qxc4+ Bd5 28.
Qa4 Rbf8 29. Kd1 Kh8 30. Rdf2 Bd8 31. Kc2 Qf7 32. Kb1 Bc7 33. Ne2 c4 34. dxc4
Bxc4 35. Qc2 Bd6 36. Ka1 Rb8 37. Nd3 Bxd3 38. Qxd3 Rb3 39. Qa6 Qd5 40. Qc8+ Rf8
41. Qc1 Rfb8 42. Ng1 d3 43. Rd2 Qd4 44. Ne2 Rxa3+ 45. Kb1 Qa4 0-1

[Event "XI C.to Europeo a squadre seniores"]
[Site "Velden AUT"]
[Date "2009.04.08"]
[Round "4.2"]
[White "Micheli, Carlo"]
[Black "Kugelmann, Werner"]
[Result "1/2-1/2"]
[WhiteElo "2302"]
[BlackElo "2190"]
[PlyCount "82"]
[EventDate "2009.04.05"]

1. e4 e5 2. Nf3 Nc6 3. Bb5 a6 4. Ba4 Nf6 5. d3 b5 6. Bb3 Be7 7. Nc3 d6 8. a4
Rb8 9. h3 O-O 10. axb5 axb5 11. Be3 Be6 12. Nd5 Bxd5 13. exd5 Nb4 14. c4 Nxd3+
15. Qxd3 e4 16. Qc2 exf3 17. gxf3 bxc4 18. Bxc4 Nd7 19. f4 Bf6 20. Rb1 Re8 21.
O-O g6 22. Rbc1 Nb6 23. Bb5 Re7 24. Qd3 Qf8 25. Rc2 Qh6 26. Kg2 Qh5 27. Bc6 Bg7
28. Re1 Nd7 29. Ree2 Nc5 30. Bxc5 Rxe2 31. Qxe2 Qxe2 32. Rxe2 dxc5 33. Re7 Bf8
34. Rxc7 Rxb2 35. Be8 f5 36. Bf7+ Kh8 37. Kg3 Rd2 38. Be6 Rd4 39. Rc8 Kg7 40.
Rc7+ Kh8 41. Rc8 Kg7 1/2-1/2

[Event "XI C.to Europeo a squadre seniores"]
[Site "Velden AUT"]
[Date "2009.04.08"]
[Round "4.3"]
[White "Siegmund, Rainer"]
[Black "Magrini, Riccardo"]
[Result "1-0"]
[WhiteElo "2140"]
[BlackElo "2194"]
[PlyCount "66"]
[EventDate "2009.04.05"]

1. d4 Nf6 2. c4 e6 3. Nc3 c5 4. d5 exd5 5. cxd5 d6 6. e4 g6 7. f4 Bg7 8. Nf3
O-O 9. Be2 Re8 10. e5 dxe5 11. fxe5 Ng4 12. Bg5 Qa5 13. O-O Nxe5 14. d6 Be6 15.
Nd5 Nbd7 16. Bd2 Qd8 17. Bc3 Nxf3+ 18. Bxf3 Bxc3 19. bxc3 Rb8 20. Nc7 Rf8 21.
Qe2 Nf6 22. Rad1 Kg7 23. Qe5 Kg8 24. Qxc5 Bd7 25. Qxa7 Ne8 26. Qd4 Bf5 27. Qf4
Ng7 28. Rfe1 Ne6 29. Qe5 Rc8 30. Nd5 f6 31. Qg3 Kg7 32. Ne7 Rc5 33. Nxf5+ Rxf5
1-0

[Event "XI C.to Europeo a squadre seniores"]
[Site "Velden AUT"]
[Date "2009.04.08"]
[Round "4.4"]
[White "Laco, Giuseppe"]
[Black "Hollstein, Joachim"]
[Result "0-1"]
[WhiteElo "2133"]
[BlackElo "2006"]
[PlyCount "86"]
[EventDate "2009.04.05"]

1. c4 Nf6 2. Nc3 d5 3. cxd5 Nxd5 4. e4 Nxc3 5. bxc3 g6 6. f4 Bg7 7. Nf3 c5 8.
Bc4 O-O 9. O-O Nc6 10. Ba3 b6 11. Bd5 Bb7 12. Ne5 Qc7 13. d4 e6 14. Bxc6 Bxc6
15. Nxc6 Qxc6 16. d5 exd5 17. exd5 Qb5 18. Qf3 Qc4 19. Bb2 Rad8 20. Rfd1 Rd6
21. Rd2 Rfd8 22. Rad1 Qxa2 23. Ra1 Qc4 24. Rad1 b5 25. h4 h5 26. Kh2 a5 27. Kh3
b4 28. cxb4 cxb4 29. Bxg7 Kxg7 30. g3 b3 31. Rd4 Qb5 32. Qc3 Kh7 33. Rb1 a4 34.
f5 Qd7 35. g4 hxg4+ 36. Rxg4 Qxf5 37. Rbg1 Rxd5 38. Qc7 Rd2 39. h5 g5 40. R1g3
Qf1+ 41. Rg2 R8d3+ 42. Kh2 Rxg2+ 43. Rxg2 Qf4+ 0-1

[Event "XI C.to Europeo a squadre seniores"]
[Site "Velden AUT"]
[Date "2009.04.09"]
[Round "5.2"]
[White "Hallerod, Ralph"]
[Black "Micheli, Carlo"]
[Result "1/2-1/2"]
[WhiteElo "2081"]
[BlackElo "2302"]
[PlyCount "101"]
[EventDate "2009.04.05"]

1. d4 d6 2. e4 Nf6 3. Bd3 e5 4. c3 Nc6 5. Ne2 g6 6. O-O Bg7 7. f3 d5 8. exd5
Nxd5 9. dxe5 Nxe5 10. Be4 c6 11. Bxd5 Qxd5 12. Qxd5 cxd5 13. Rd1 Be6 14. Nf4
O-O-O 15. Nxe6 fxe6 16. Bg5 Rd6 17. Na3 a6 18. Rd2 b5 19. Bf4 Rf8 20. Bxe5 Bxe5
21. Nc2 Rb6 22. Re2 Bc7 23. Nb4 Bd6 24. Nd3 Kd7 25. a3 a5 26. Kf2 g5 27. g3 Rc6
28. Kg2 Rc4 29. Rae1 Rf6 30. Ne5+ Bxe5 31. Rxe5 h6 32. h4 gxh4 33. g4 b4 34.
axb4 axb4 35. R5e3 bxc3 36. bxc3 Kd6 37. Ra1 h5 38. Ra6+ Ke7 39. Ra7+ Kd6 40.
Ra6+ Kd7 41. Ra7+ Kc6 42. gxh5 Rh6 43. Kh3 Kd6 44. Rb7 Rf4 45. Ra7 Rhf6 46.
Ra6+ Ke7 47. Ra7+ Kf8 48. Rc7 Kg8 49. Re7 Rxf3+ 50. Rxf3 Rxf3+ 51. Kxh4 1/2-1/2

[Event "XI C.to Europeo a squadre seniores"]
[Site "Velden AUT"]
[Date "2009.04.09"]
[Round "5.3"]
[White "Rosino, Antonio"]
[Black "Sterner, Johan"]
[Result "1/2-1/2"]
[WhiteElo "2258"]
[BlackElo "2041"]
[PlyCount "80"]
[EventDate "2009.04.05"]

1. e4 e5 2. Nf3 Nc6 3. Nc3 Nf6 4. Bb5 Bb4 5. O-O O-O 6. d3 Bxc3 7. bxc3 d6 8.
Bg5 h6 9. Bh4 Kh8 10. Qd2 Rg8 11. Rae1 g5 12. Bg3 Nh5 13. d4 f6 14. Kh1 Ne7 15.
Rd1 Be6 16. Be2 Qe8 17. d5 Bd7 18. Ne1 f5 19. Bxh5 Qxh5 20. exf5 Nxf5 21. Kg1
Rgf8 22. f3 Bb5 23. Nd3 Qf7 24. Rfe1 Nxg3 25. hxg3 Qxd5 26. a3 Bxd3 27. cxd3
Rf7 28. a4 Raf8 29. Re4 Kg7 30. Rb1 b6 31. Rb5 Qc6 32. d4 a6 33. d5 Qd7 34. Rb1
a5 35. Rc4 Qf5 36. Re1 Qd7 37. Qb2 Qf5 38. Qd2 Qc8 39. Ree4 Qf5 40. Rc6 Qc8
1/2-1/2

[Event "XI C.to Europeo a squadre seniores"]
[Site "Velden AUT"]
[Date "2009.04.10"]
[Round "6.1"]
[White "James, Geoffrey H."]
[Black "Tatai, Stefano"]
[Result "1/2-1/2"]
[WhiteElo "2199"]
[BlackElo "2351"]
[PlyCount "34"]
[EventDate "2009.04.05"]

1. e4 c5 2. Nf3 Nc6 3. Bb5 e6 4. Bxc6 bxc6 5. d3 Ne7 6. O-O Ng6 7. Ng5 Be7 8.
f4 Bxg5 9. fxg5 e5 10. c4 d6 11. Nc3 O-O 12. Qh5 Be6 13. Ne2 f5 14. gxf6 Rxf6
15. Bg5 Rxf1+ 16. Rxf1 Qd7 17. h3 Rf8 1/2-1/2

[Event "XI C.to Europeo a squadre seniores"]
[Site "Velden AUT"]
[Date "2009.04.10"]
[Round "6.2"]
[White "Micheli, Carlo"]
[Black "MacDonald-Ross, Michael"]
[Result "1/2-1/2"]
[WhiteElo "2302"]
[BlackElo "2169"]
[PlyCount "105"]
[EventDate "2009.04.05"]

1. c4 e6 2. Nf3 Nf6 3. e3 d5 4. Nc3 Be7 5. Qc2 O-O 6. d4 Nbd7 7. b3 c5 8. Bb2
b6 9. Be2 Bb7 10. O-O Rc8 11. Rfd1 Bd6 12. a4 Qe7 13. a5 Bb8 14. axb6 axb6 15.
Nb5 Ne4 16. Ne5 Rfd8 17. Bd3 Nf8 18. Qe2 f6 19. Nf3 Ng6 20. Nd2 f5 21. Nf1 Qg5
22. f3 Nf6 23. Bc1 Qh5 24. Qf2 Nh4 25. Be2 g5 26. e4 dxe4 27. d5 exf3 28. gxf3
e5 29. Ne3 Qg6 30. Kh1 Rd7 31. Rg1 Rg7 32. Ng2 Nxg2 33. Qxg2 h6 34. Bb2 Re8 35.
Bd3 Nh5 36. Qc2 Rf7 37. Rae1 Nf4 38. Bf1 e4 39. fxe4 fxe4 40. Rg3 Rfe7 41. Rge3
Bc8 42. b4 Bg4 43. bxc5 bxc5 44. Kg1 Nd3 45. Bxd3 exd3 46. Rxe7 Rxe7 47. Qc3
Rxe1+ 48. Qxe1 Be2 49. d6 Bxd6 50. Nxd6 Qxd6 51. Qc3 Qd4+ 52. Qxd4 cxd4 53.
Bxd4 1/2-1/2

[Event "XI C.to Europeo a squadre seniores"]
[Site "Velden AUT"]
[Date "2009.04.10"]
[Round "6.3"]
[White "Scholes, James E."]
[Black "Rosino, Antonio"]
[Result "1/2-1/2"]
[WhiteElo "2110"]
[BlackElo "2258"]
[PlyCount "35"]
[EventDate "2009.04.05"]

1. c4 e5 2. Nc3 Nf6 3. g3 c6 4. Nf3 e4 5. Nd4 d5 6. cxd5 Qb6 7. Nb3 cxd5 8. d3
Bf5 9. Be3 Qc7 10. dxe4 dxe4 11. Bg2 Bb4 12. O-O Bxc3 13. Rc1 O-O 14. Rxc3 Nc6
15. Bf4 Qb6 16. Be3 Qc7 17. Bf4 Qb6 18. Be3 1/2-1/2

[Event "XI C.to Europeo a squadre seniores"]
[Site "Velden AUT"]
[Date "2009.04.10"]
[Round "6.4"]
[White "Magrini, Riccardo"]
[Black "Reuben, Stewart"]
[Result "0-1"]
[WhiteElo "2194"]
[BlackElo "2102"]
[PlyCount "79"]
[EventDate "2009.04.05"]

1. e4 c5 2. Nf3 g6 3. d4 Bg7 4. d5 d6 5. Nc3 Nf6 6. Be2 O-O 7. O-O Bg4 8. Nd2
Bxe2 9. Qxe2 Na6 10. Nc4 Nc7 11. a4 Rb8 12. Ra3 Qd7 13. Re1 e6 14. Qd3 exd5 15.
exd5 Rfe8 16. Rd1 Ng4 17. Ne3 Bd4 18. Nxg4 Qxg4 19. h3 Qh4 20. Qf3 Re5 21. Bf4
Bxc3 22. Rxc3 Rf5 23. g4 Rf6 24. Qe3 Re8 25. Qd2 h6 26. Bxh6 Re5 27. Rd3 g5 28.
Bxg5 Qxg5 29. Qxg5+ Rxg5 30. Kg2 Rf4 31. b3 c4 32. R3d2 cxb3 33. cxb3 Rb4 34.
Rd3 Re5 35. Rg3 Na6 36. Rc1 Nc5 37. Rf3 Rxd5 38. Re1 Rxb3 39. Re8+ Kg7 40. Rfe3
0-1

[Event "XI C.to Europeo a squadre seniores"]
[Site "Velden AUT"]
[Date "2009.04.11"]
[Round "7.1"]
[White "Ozbilen, Mehdi Hayri"]
[Black "Tatai, Stefano"]
[Result "0-1"]
[WhiteElo "2103"]
[BlackElo "2351"]
[PlyCount "60"]
[EventDate "2009.04.05"]

1. e4 c5 2. Nf3 d6 3. d3 Nc6 4. g3 g6 5. Bg2 Bg7 6. O-O e6 7. Nc3 Nge7 8. Be3
Nd4 9. Qd2 Nec6 10. Nd1 e5 11. c3 Nxf3+ 12. Bxf3 O-O 13. Bh6 Be6 14. Bxg7 Kxg7
15. Ne3 f5 16. exf5 gxf5 17. Bd5 Bxd5 18. Nxd5 f4 19. gxf4 Kh8 20. Kh1 exf4 21.
f3 Rf5 22. c4 Qh4 23. Rae1 Raf8 24. Nc3 R5f6 25. a3 Qh6 26. Qe2 Nd4 27. Qg2 Nf5
28. Nd5 Qg6 29. Rg1 Rg8 30. Qxg6 Rfxg6 0-1

[Event "XI C.to Europeo a squadre seniores"]
[Site "Velden AUT"]
[Date "2009.04.11"]
[Round "7.2"]
[White "Micheli, Carlo"]
[Black "Muratoglu, Salih"]
[Result "1-0"]
[WhiteElo "2302"]
[BlackElo "2105"]
[PlyCount "51"]
[EventDate "2009.04.05"]

1. e4 c6 2. d4 d5 3. e5 Bf5 4. c4 e6 5. Nc3 Nd7 6. Nf3 dxc4 7. Bxc4 Nb6 8. Bb3
Ne7 9. Nh4 Bg6 10. Bg5 Qd7 11. Qg4 Ned5 12. O-O Be7 13. Nxg6 hxg6 14. Ne4 f5
15. exf6 gxf6 16. Bxf6 Bxf6 17. Qxg6+ Ke7 18. Nxf6 Nxf6 19. Qg7+ Kd6 20. Qxf6
Rag8 21. f4 Rf8 22. Qe5+ Ke7 23. f5 Nd5 24. Rae1 Rh5 25. Qg7+ Rf7 26. Qxf7+ 1-0

[Event "XI C.to Europeo a squadre seniores"]
[Site "Velden AUT"]
[Date "2009.04.11"]
[Round "7.3"]
[White "Kayaman, Metin"]
[Black "Rosino, Antonio"]
[Result "0-1"]
[WhiteElo "1974"]
[BlackElo "2258"]
[PlyCount "76"]
[EventDate "2009.04.05"]

1. c4 Nf6 2. Nc3 e5 3. g3 c6 4. Nf3 d6 5. d3 g6 6. Bg2 Bg7 7. O-O O-O 8. Rb1 a5
9. a3 Nbd7 10. b4 axb4 11. axb4 Re8 12. Qc2 Qc7 13. Nd2 Nf8 14. b5 c5 15. Nde4
Nxe4 16. Bxe4 Be6 17. Bd2 f5 18. Bd5 Bxd5 19. Nxd5 Qf7 20. Ra1 Ne6 21. Bc3 f4
22. Rxa8 Rxa8 23. Ra1 Rf8 24. g4 f3 25. e3 Ng5 26. Kh1 Nh3 27. e4 Bh6 28. Rg1
Nxg1 29. Kxg1 Qd7 30. h3 Qd8 31. Bd2 Qh4 32. Bxh6 Qxh3 33. Ne3 Qxh6 34. Qa2 Qg7
35. Qa7 h5 36. Qb6 Qe7 37. gxh5 Ra8 38. Nf1 Qg5+ 0-1

[Event "XI C.to Europeo a squadre seniores"]
[Site "Velden AUT"]
[Date "2009.04.11"]
[Round "7.4"]
[White "Laco, Giuseppe"]
[Black "Bapoglu, Ibrahim"]
[Result "1-0"]
[WhiteElo "2133"]
[BlackElo "1930"]
[PlyCount "103"]
[EventDate "2009.04.05"]

1. c4 Nf6 2. Nc3 e6 3. e4 d6 4. d4 c6 5. Be3 Be7 6. f3 b6 7. Qd2 O-O 8. Bd3
Nbd7 9. Nge2 Bb7 10. Bc2 e5 11. d5 cxd5 12. exd5 Re8 13. b3 Nc5 14. b4 Na6 15.
a3 Rc8 16. Bd3 Bf8 17. g4 e4 18. Nxe4 Nxe4 19. Bxe4 Rxe4 20. fxe4 Rxc4 21. Qd3
Rc7 22. g5 Re7 23. h4 Nc7 24. Nc3 Qe8 25. O-O-O Ba6 26. Qd2 Nb5 27. Kb2 Nxc3
28. Qxc3 Rxe4 29. Rhe1 Rc4 30. Bd4 Qb5 31. Qf3 Bb7 32. Bc3 a5 33. Rf1 Rc7 34.
h5 a4 35. Rd4 Re7 36. g6 f6 37. gxh7+ Kh8 38. Rf2 Re5 39. Rfd2 Qe8 40. Rh4 Re3
41. Qf4 Qe7 42. h6 Re2 43. hxg7+ Bxg7 44. Rh2 Re4 45. Qf3 Re3 46. Rde2 Re5 47.
Bxe5 dxe5 48. Qf5 Bxd5 49. Qc8+ Bf8 50. Rd2 Be6 51. Qb8 Bd7 52. Rxd7 1-0

[Event "XI C.to Europeo a squadre seniores"]
[Site "Velden AUT"]
[Date "2009.04.12"]
[Round "8.1"]
[White "Tatai, Stefano"]
[Black "Rasmussen, Lars-Bo"]
[Result "1-0"]
[WhiteElo "2351"]
[BlackElo "2057"]
[PlyCount "69"]
[EventDate "2009.04.05"]

1. e4 e5 2. Nf3 Nf6 3. Nxe5 d6 4. Nf3 Nxe4 5. Nc3 Nxc3 6. dxc3 Be7 7. Bd3 Bg4
8. h3 Bh5 9. g4 Bg6 10. Nd4 Bxd3 11. Qxd3 Nd7 12. Be3 c6 13. O-O-O O-O 14. Kb1
Nc5 15. Qe2 g6 16. Nf5 Ne6 17. Nxe7+ Qxe7 18. h4 Rfe8 19. Qf3 d5 20. h5 Ng5 21.
Bxg5 Qxg5 22. hxg6 fxg6 23. Rxh7 Re7 24. Rxe7 Qxe7 25. Rh1 Re8 26. a3 Qg7 27.
g5 Re5 28. Qg3 Re8 29. Rh6 Qf7 30. Qh2 Qg7 31. Qd6 Kf7 32. f4 a6 33. f5 gxf5
34. Rf6+ Kg8 35. Rg6 1-0

[Event "XI C.to Europeo a squadre seniores"]
[Site "Velden AUT"]
[Date "2009.04.12"]
[Round "8.3"]
[White "Rosino, Antonio"]
[Black "Stull, Norbert"]
[Result "1/2-1/2"]
[WhiteElo "2258"]
[BlackElo "2164"]
[PlyCount "43"]
[EventDate "2009.04.05"]

1. e4 Nf6 2. e5 Nd5 3. d4 d6 4. Nf3 dxe5 5. Nxe5 c6 6. Be2 Nd7 7. c4 Nc7 8. Nf3
g6 9. Nc3 Bg7 10. Be3 O-O 11. Qd2 Nf6 12. h3 Bf5 13. Bh6 Ne4 14. Nxe4 Bxe4 15.
Bxg7 Kxg7 16. O-O Bxf3 17. Bxf3 e6 18. Rfd1 Qd6 19. b4 Rfd8 20. Qb2 Kg8 21. a4
a6 22. a5 1/2-1/2

[Event "XI C.to Europeo a squadre seniores"]
[Site "Velden AUT"]
[Date "2009.04.12"]
[Round "8.4"]
[White "Blaeser, Roman"]
[Black "Laco, Giuseppe"]
[Result "1/2-1/2"]
[WhiteElo "2235"]
[BlackElo "2133"]
[PlyCount "93"]
[EventDate "2009.04.05"]

1. Nf3 c5 2. g3 Nc6 3. Bg2 e5 4. d3 d5 5. Nbd2 f6 6. e4 d4 7. a4 Be6 8. b3 a6
9. O-O Rb8 10. Nh4 g5 11. Nf5 h5 12. f4 g4 13. fxe5 fxe5 14. Nc4 Kd7 15. Bd2
Nh6 16. Qc1 Nf7 17. a5 Bxc4 18. bxc4 Ke8 19. Rf2 Rg8 20. Nh4 Be7 21. Qf1 Ng5
22. Rf5 Qd6 23. Qf2 Kd7 24. Kh1 Rbf8 25. Rf1 Ne6 26. Qe1 Bxh4 27. gxh4 Ng7 28.
Rf7+ Kc8 29. Qf2 Re8 30. Rb1 Nd8 31. Rf6 Ref8 32. Rf1 Nde6 33. Qe1 Rxf6 34.
Rxf6 Qe7 35. Rf1 Rf8 36. Rxf8+ Qxf8 37. Qg3 Nf4 38. h3 gxh3 39. Bxh3+ Nxh3 40.
Qxh3+ Kc7 41. Qg2 Ne6 42. Bg5 Kd6 43. Qe2 Qf7 44. Qd1 Kd7 45. Qb1 Ke8 46. Qb6
Qd7 47. Kg1 1/2-1/2

[Event "XI C.to Europeo a squadre seniores"]
[Site "Velden AUT"]
[Date "2009.04.13"]
[Round "9.1"]
[White "Tatai, Stefano"]
[Black "Rodriguez Vargas, Orestes"]
[Result "1/2-1/2"]
[WhiteElo "2351"]
[BlackElo "2406"]
[PlyCount "33"]
[EventDate "2009.04.05"]

1. e4 e5 2. Nf3 Nc6 3. Bc4 Be7 4. d3 Nf6 5. O-O O-O 6. Re1 d6 7. c3 Na5 8. Bb5
a6 9. Ba4 b5 10. Bc2 c5 11. Nbd2 Re8 12. Nf1 Bf8 13. Ng3 g6 14. h3 Bg7 15. d4
cxd4 16. cxd4 Bb7 17. d5 1/2-1/2

[Event "XI C.to Europeo a squadre seniores"]
[Site "Velden AUT"]
[Date "2009.04.13"]
[Round "9.2"]
[White "Anguera Maestro, Jaime"]
[Black "Micheli, Carlo"]
[Result "1-0"]
[WhiteElo "2230"]
[BlackElo "2302"]
[PlyCount "68"]
[EventDate "2009.04.05"]

1. d4 d6 2. Nf3 Bg4 3. e3 Nf6 4. Nbd2 e6 5. Bd3 d5 6. c3 c6 7. Qc2 Nbd7 8. b3
Bd6 9. Bb2 Qe7 10. c4 e5 11. dxe5 Nxe5 12. Nxe5 Bxe5 13. Bxe5 Qxe5 14. O-O
O-O-O 15. Rae1 Kb8 16. c5 Rhe8 17. b4 Rc8 18. a4 Kc7 19. b5 Kd7 20. f3 Be6 21.
f4 Qh5 22. f5 Ke7 23. fxe6 fxe6 24. bxc6 bxc6 25. Rb1 Rc7 26. Qd1 Qh6 27. Qf3
e5 28. Qh3 Qxh3 29. gxh3 e4 30. Be2 Kf7 31. Rfc1 Re5 32. Nb3 Nd7 33. Nd4 Kg6
34. Bg4 Nf6 1-0

[Event "XI C.to Europeo a squadre seniores"]
[Site "Velden AUT"]
[Date "2009.04.13"]
[Round "9.3"]
[White "Rosino, Antonio"]
[Black "Buxade Roca, Guillermo"]
[Result "1/2-1/2"]
[WhiteElo "2258"]
[BlackElo "2239"]
[PlyCount "99"]
[EventDate "2009.04.05"]

1. e4 c5 2. c3 d6 3. d4 Nf6 4. Nd2 Nc6 5. Ngf3 Bg4 6. d5 Ne5 7. Nxe5 dxe5 8.
Qxg4 Nxg4 9. Bb5+ Qd7 10. Bxd7+ Kxd7 11. f3 Nh6 12. Nc4 f6 13. Bxh6 gxh6 14.
Ne3 Rg8 15. Kf2 h5 16. h4 Bh6 17. Nf5 Rg6 18. a4 Rag8 19. g3 Bf8 20. a5 e6 21.
dxe6+ Kxe6 22. Rhd1 Be7 23. Rd5 Rd8 24. c4 Rgg8 25. Rad1 Rxd5 26. cxd5+ Kd7 27.
Rc1 Rc8 28. Ng7 Bd8 29. Nxh5 Ke7 30. b4 c4 31. Ke2 b5 32. Ng7 Kd7 33. Kd2 Be7
34. Kc3 Rg8 35. Nf5 Bd6 36. Rg1 a6 37. g4 Bb8 38. g5 Bc7 39. Rg4 Ke8 40. gxf6
Rg6 41. d6 Bd8 42. Rxg6 hxg6 43. Ne3 Bxf6 44. Nd5 Bxh4 45. Nc7+ Kd7 46. Kd2
Kxd6 47. Nxa6 Kc6 48. Nb8+ Kc7 49. Na6+ Kc6 50. Nb8+ 1/2-1/2

[Event "XI C.to Europeo a squadre seniores"]
[Site "Velden AUT"]
[Date "2009.04.13"]
[Round "9.4"]
[White "Coll Enriquez, Lluis"]
[Black "Laco, Giuseppe"]
[Result "1-0"]
[WhiteElo "2145"]
[BlackElo "2133"]
[PlyCount "49"]
[EventDate "2009.04.05"]

1. e4 c5 2. Nc3 a6 3. g3 b5 4. Bg2 Bb7 5. d3 h5 6. Bg5 d6 7. Nf3 g6 8. Qd2 f6
9. Be3 e5 10. Bh3 Kf7 11. Nd5 Ne7 12. c4 b4 13. O-O a5 14. Nh4 Nxd5 15. cxd5
Bc8 16. Be6+ Kg7 17. f4 Bxe6 18. dxe6 Nc6 19. Rf2 Be7 20. Raf1 a4 21. f5 gxf5
22. Nxf5+ Kg8 23. Nxe7+ Qxe7 24. Rxf6 Rh7 25. Bh6 1-0

[Event "XV Festival A"]
[Site "Verona ITA"]
[Date "2009.04.07"]
[Round "1"]
[White "Bernardi, Ruben"]
[Black "Vezzosi, Paolo"]
[Result "1-0"]
[WhiteElo "2143"]
[BlackElo "2363"]
[PlyCount "75"]
[EventDate "2009.04.07"]

1. e4 c5 2. Nf3 e6 3. g3 Nc6 4. Bg2 Nf6 5. d3 d5 6. Nbd2 Be7 7. O-O b6 8. Re1
Bb7 9. Qe2 Nb4 10. exd5 Nxc2 11. dxe6 Nxe1 12. exf7+ Kf8 13. Qxe1 Bd5 14. Nc4
Bxf3 15. Bxf3 Rc8 16. Ne5 Bd6 17. Bf4 Rc7 18. Qe3 Bxe5 19. Qxe5 Re7 20. Qf5 Qd7
21. Be4 Qxf5 22. Bxf5 Kxf7 23. Bd6 Rb7 24. d4 cxd4 25. Be5 Rd8 26. Rd1 Re7 27.
f4 g6 28. Bc2 Ng4 29. Bb3+ Kf8 30. Bh8 Re2 31. Bxd4 Rde8 32. Bc3 Rxh2 33. Bb4+
Kg7 34. Rd7+ Kh6 35. Bc3 Rhe2 36. Bg7+ Kh5 37. Rd5+ Ne5 38. Bd1 1-0

[Event "XV Festival A"]
[Site "Verona ITA"]
[Date "2009.04.07"]
[Round "1"]
[White "Brunello, Sabino"]
[Black "Caprio, Guido"]
[Result "1-0"]
[WhiteElo "2477"]
[BlackElo "2205"]
[PlyCount "49"]
[EventDate "2009.04.07"]

1. e4 c5 2. Nf3 d6 3. d4 cxd4 4. Nxd4 Nf6 5. Nc3 a6 6. Be2 e5 7. Nb3 Be7 8. O-O
Be6 9. Be3 O-O 10. Qd2 Nbd7 11. Rad1 Rc8 12. f3 Nb6 13. Qe1 Qc7 14. Qf2 Nc4 15.
Bxc4 Qxc4 16. Rd2 d5 17. exd5 Nxd5 18. Rxd5 Bxd5 19. Na5 Bh4 20. Qd2 Qb4 21.
Nxd5 Qxb2 22. c4 Qa3 23. Rb1 Bd8 24. Nxb7 Rb8 25. Rb3 1-0

[Event "XV Festival A"]
[Site "Verona ITA"]
[Date "2009.04.07"]
[Round "1"]
[White "Facchetti, Gianni"]
[Black "Borgo, Giulio"]
[Result "1-0"]
[WhiteElo "2174"]
[BlackElo "2440"]
[PlyCount "49"]
[EventDate "2009.04.07"]

1. e4 d5 2. exd5 Qxd5 3. Nc3 Qd6 4. d4 c6 5. Be3 Nh6 6. Bc4 Nd7 7. Nge2 Nb6 8.
Bb3 Nf5 9. Ng3 Nxg3 10. hxg3 Bf5 11. Qf3 e6 12. O-O-O Bg6 13. Rhe1 Be7 14. d5
exd5 15. Qe2 Kf8 16. Bxb6 axb6 17. Nxd5 cxd5 18. Rxd5 Qc7 19. Re5 Re8 20. f4 f6
21. Re3 Qc6 22. Rxe7 h5 23. Rxe8+ Qxe8 24. Qd2 Qc6 25. Qd8+ 1-0

[Event "XV Festival A"]
[Site "Verona ITA"]
[Date "2009.04.07"]
[Round "1"]
[White "Garonzi, Martino"]
[Black "Coratella, Giuseppe"]
[Result "0-1"]
[WhiteElo "2029"]
[BlackElo "2248"]
[PlyCount "50"]
[EventDate "2009.04.07"]

1. e4 e6 2. d4 d5 3. Nc3 Nf6 4. e5 Nfd7 5. f4 c5 6. Nf3 Nc6 7. Be3 Qb6 8. Qd2
a6 9. O-O-O Qa5 10. Kb1 b5 11. f5 cxd4 12. Nxd4 Ndxe5 13. fxe6 fxe6 14. Nb3 Qc7
15. Be2 Bd7 16. Nc5 Bxc5 17. Bxc5 O-O-O 18. a4 Na5 19. b4 Nac4 20. Qd4 Bc6 21.
Rhe1 Rhe8 22. Bd3 h6 23. a5 Kb7 24. Bb6 Qd6 25. Bxd8 Qxb4+ 0-1

[Event "XV Festival A"]
[Site "Verona ITA"]
[Date "2009.04.07"]
[Round "1"]
[White "Godena, Michele"]
[Black "De Filomeno, Simone"]
[Result "1-0"]
[WhiteElo "2538"]
[BlackElo "2229"]
[PlyCount "83"]
[EventDate "2009.04.07"]

1. e4 c5 2. c3 Nf6 3. e5 Nd5 4. Nf3 Nc6 5. d4 cxd4 6. cxd4 d6 7. Bc4 Nb6 8. Bb5
dxe5 9. Nxe5 Bd7 10. Nxd7 Qxd7 11. Nc3 e6 12. O-O Be7 13. Qg4 O-O 14. Bxc6 bxc6
15. Bh6 Bf6 16. Rfd1 Nd5 17. Ne4 Qe7 18. Rac1 Kh8 19. Bg5 Bxg5 20. Qxg5 Qxg5
21. Nxg5 Rab8 22. Rd2 Rb6 23. Rc4 h6 24. Ne4 Rd8 25. Ra4 Rd7 26. Nc5 Rc7 27.
Kf1 Rb5 28. Rc2 Rb6 29. Ke1 Kh7 30. Kd2 Kg6 31. Kc1 Kf5 32. Ra3 Kg6 33. Rc4 Re7
34. Rca4 Rb4 35. Rxa7 Rxa7 36. Rxa7 Rxd4 37. b3 Nf4 38. Ra4 Rxa4 39. bxa4 Nxg2
40. Nd3 Nh4 41. a5 Nf5 42. a6 1-0

[Event "XV Festival A"]
[Site "Verona ITA"]
[Date "2009.04.07"]
[Round "1"]
[White "Luciani, Valerio"]
[Black "Simutowe, Amon"]
[Result "0-1"]
[WhiteElo "2214"]
[BlackElo "2486"]
[PlyCount "204"]
[EventDate "2009.04.07"]

1. d4 Nf6 2. c4 e6 3. Nc3 Bb4 4. a3 Bxc3+ 5. bxc3 c5 6. f3 Nh5 7. Be3 f5 8. Qd2
Nc6 9. Bf2 Na5 10. Qa2 d6 11. dxc5 dxc5 12. Bxc5 Qc7 13. Bf2 Nxc4 14. e4 Nd6
15. Qd2 O-O 16. e5 Nf7 17. Bd4 Nxe5 18. Bb5 Ng6 19. Nh3 e5 20. Bf2 Be6 21. O-O
h6 22. Kh1 Rad8 23. Qb2 b6 24. Rfe1 Nf6 25. Rac1 e4 26. c4 Qf7 27. Ng1 exf3 28.
gxf3 Bd7 29. c5 Bxb5 30. Qxb5 Rd5 31. Qb4 bxc5 32. Rxc5 Rfd8 33. Qa5 Nf4 34.
Rxd5 Rxd5 35. Qxa7 Nd3 36. Re2 Rd7 37. Qa8+ Kh7 38. Bg3 f4 39. Bh4 Ra7 40. Qc8
Qd7 41. Qxd7 Nxd7 42. Be7 N7e5 43. Bd6 Ra5 44. Bxe5 Nxe5 45. Ra2 Ra4 46. Kg2 g5
47. h4 Kg6 48. hxg5 hxg5 49. Ne2 g4 50. Ng1 Kf5 51. Ra1 Rc4 52. fxg4+ Kxg4 53.
Ra2 Ra4 54. Kf1 f3 55. Kf2 Nd3+ 56. Ke3 f2 57. Rxf2 Nxf2 58. Kxf2 Rxa3 59. Ne2
Rh3 60. Ke1 Rh2 61. Kd1 Kf3 62. Nd4+ Ke4 63. Nc2 Rf2 64. Ne1 Kd4 65. Kc1 Rf1
66. Kd2 Rf2+ 67. Kc1 Kc3 68. Kd1 Rd2+ 69. Kc1 Rd8 70. Nf3 Rf8 71. Ne1 Ra8 72.
Kd1 Ra2 73. Nf3 Rf2 74. Ne1 Kd4 75. Nc2+ Ke4 76. Kc1 Kd3 77. Ne1+ Ke2 78. Nc2
Rf8 79. Kb2 Kd2 80. Nb4 Rf3 81. Na2 Kd3 82. Kb3 Kd4+ 83. Kb4 Rf2 84. Kb3 Rf1
85. Kc2 Rf2+ 86. Kb3 Rg2 87. Nb4 Rg3+ 88. Kb2 Kc4 89. Nc2 Rb3+ 90. Kc1 Kd3 91.
Ne1+ Ke2 92. Nc2 Rb8 93. Nd4+ Kd3 94. Nf3 Ra8 95. Kb2 Rf8 96. Ne1+ Kd2 97. Ng2
Rb8+ 98. Ka3 Rf8 99. Kb3 Ke2 100. Nh4 Rf6 101. Kc3 Kf2 102. Kd4 Rf4+ 0-1

[Event "XV Festival A"]
[Site "Verona ITA"]
[Date "2009.04.07"]
[Round "1"]
[White "Mrdja, Milan"]
[Black "Parpinel, Marco"]
[Result "1-0"]
[WhiteElo "2431"]
[BlackElo "2148"]
[PlyCount "68"]
[EventDate "2009.04.07"]

1. e4 Nc6 2. d4 d5 3. e5 f6 4. f4 Bf5 5. Nf3 e6 6. c3 Be4 7. Nbd2 f5 8. Ng5 Qd7
9. Ndxe4 fxe4 10. Qg4 Nd8 11. Nxh7 Nh6 12. Qg6+ Qf7 13. Nxf8 Kxf8 14. Qg3 Qe7
15. Be2 c5 16. dxc5 Qxc5 17. Be3 Qa5 18. Qf2 Rc8 19. O-O Nc6 20. g4 Kg8 21. a4
Rf8 22. Qg3 Qc7 23. Rad1 g6 24. b4 Rh7 25. Bc5 Rd8 26. Qe3 b6 27. Bd6 Rxd6 28.
exd6 Qxd6 29. Qxe4 Nf7 30. Qxg6+ Rg7 31. Qf6 Ne7 32. Kh1 Rh7 33. Rf2 Nc6 34. f5
Nh8 1-0